History Quiz

Random History Quiz

Monegasque Princesses by Marriage Quiz Stats

Quiz not verified by Sporcle

Also try: City by Headline
Challenge
Share
Tweet
Embed
Score 0/14 Timer 10:00
0 Plays Today
Hint Answer % Correct
4th GeneartionNone
100%
11th GenerationNone
100%
5th GenerationMaria Caterina Brignole
94.3%
7th GenerationMaria Caroline Gilbert de Lametz
94.3%
12th GenerationGrace Kelly
94.3%
3rd GenerationMarie of Lorraine
82.9%
13th GenerationCharlene Wittstock
82.9%
Hint Answer % Correct
2nd GenerationCatherine Charlotte de Gramont
77.1%
9th GenerationLady Mary Hamilton
74.3%
6th GenerationLouise d'Aumont
65.7%
9th GenerationAlice Heine
45.7%
8th GenerationAntoinette de Merode
37.1%
10th GenerationGhislaine Dommanget
34.3%
1st GeneartionIppolita Trivulzio
20%

You're not logged in!

Compare scores with friends on all Sporcle quizzes.
Sign Up with Email
OR
Log In

You Might Also Like...

Show Comments

Extras

Top Quizzes Today


Score Distribution

Your Account Isn't Verified!

In order to create a playlist on Sporcle, you need to verify the email address you used during registration. Go to your Sporcle Settings to finish the process.